Sports Quiz

Random Sports or NFL Quiz

Last 5 Team Rushing Yards Leaders by Team Quiz Stats

 Plays Quiz not verified by Sporcle

Score 0/160 Timer 10:00
0 Plays Today
Team Player % Correct
Minnesota VikingsAdrian Peterson
99.6%
Minnesota VikingsAdrian Peterson
99.6%
Minnesota VikingsAdrian Peterson
99.6%
Minnesota VikingsAdrian Peterson
99.6%
Tennessee TitansChris Johnson
98.1%
Tennessee TitansChris Johnson
98.1%
Tennessee TitansChris Johnson
98.1%
Tennessee TitansChris Johnson
98.1%
Houston TexansArian Foster
97.8%
Houston TexansArian Foster
97.8%
Houston TexansArian Foster
97.8%
Houston TexansArian Foster
97.8%
Seattle SeahawksMarshawn Lynch
97.8%
Seattle SeahawksMarshawn Lynch
97.8%
Seattle SeahawksMarshawn Lynch
97.8%
Seattle SeahawksMarshawn Lynch
97.8%
Detroit LionsReggie Bush
97.4%
Buffalo BillsFred Jackson
97.4%
Buffalo BillsFred Jackson
97.4%
Buffalo BillsFred Jackson
97.4%
Miami DolphinsReggie Bush
97.4%
Miami DolphinsReggie Bush
97.4%
Philadelphia EaglesLeSean McCoy
97.4%
Philadelphia EaglesLeSean McCoy
97.4%
Philadelphia EaglesLeSean McCoy
97.4%
Philadelphia EaglesLeSean McCoy
97.4%
Philadelphia EaglesLeSean McCoy
97.4%
Atlanta FalconsSteven Jackson
97.4%
Atlanta FalconsSteven Jackson
97.4%
St. Louis RamsSteven Jackson
97.4%
St. Louis RamsSteven Jackson
97.4%
St. Louis RamsSteven Jackson
97.4%
Green Bay PackersBrandon Jackson
97%
Baltimore RavensRay Rice
97%
Baltimore RavensRay Rice
97%
Baltimore RavensRay Rice
97%
Baltimore RavensRay Rice
97%
Oakland RaidersMichael Bush
97%
Chicago BearsMatt Forte
96.3%
Chicago BearsMatt Forte
96.3%
Chicago BearsMatt Forte
96.3%
Chicago BearsMatt Forte
96.3%
Chicago BearsMatt Forte
96.3%
Dallas CowboysDeMarco Murray
96.3%
Dallas CowboysDeMarco Murray
96.3%
Dallas CowboysDeMarco Murray
96.3%
Dallas CowboysDeMarco Murray
96.3%
San Fransico 49ersFrank Gore
96.3%
San Fransico 49ersFrank Gore
96.3%
San Fransico 49ersFrank Gore
96.3%
San Fransico 49ersFrank Gore
96.3%
San Fransico 49ersFrank Gore
96.3%
Dallas CowboysFelix Jones
95.9%
Carolina PanthersDeAngelo Williams
95.9%
Team Player % Correct
Carolina PanthersDeAngelo Williams
95.9%
Detroit LionsJoique Bell
95.5%
Pittsburgh SteelersLe'Veon Bell
95.5%
Pittsburgh SteelersLe'Veon Bell
95.5%
New York GiantsAndre Williams
95.5%
Jacksonville JaguarsMaurice Jones-Drew
94.4%
Jacksonville JaguarsMaurice Jones-Drew
94.4%
Jacksonville JaguarsMaurice Jones-Drew
94.4%
Jacksonville JaguarsMaurice Jones-Drew
94.4%
Kansas City ChiefsJamaal Charles
94.4%
Kansas City ChiefsJamaal Charles
94.4%
Kansas City ChiefsJamaal Charles
94.4%
Kansas City ChiefsJamaal Charles
94.4%
Green Bay PackersAlex Green
94%
Green Bay PackersEddie Lacy
93.3%
Green Bay PackersEddie Lacy
93.3%
Tampa Bay BuccaneersDoug Martin
92.2%
Tampa Bay BuccaneersDoug Martin
92.2%
Tampa Bay BuccaneersDoug Martin
92.2%
Cincinnati BengalsJeremy Hill
91%
Washington RedskinsAlfred Morris
88.8%
Washington RedskinsAlfred Morris
88.8%
Washington RedskinsAlfred Morris
88.8%
New York GiantsAhmad Bradshaw
88.4%
New York GiantsAhmad Bradshaw
88.4%
New York GiantsAhmad Bradshaw
88.4%
Atlanta FalconsMichael Turner
88.4%
Atlanta FalconsMichael Turner
88.4%
Atlanta FalconsMichael Turner
88.4%
Carolina PanthersJonathan Stewart
88.1%
Carolina PanthersJonathan Stewart
88.1%
Oakland RaidersDarren McFadden
88.1%
Oakland RaidersDarren McFadden
88.1%
Oakland RaidersDarren McFadden
88.1%
New York JetsShonn Greene
87.3%
New York JetsShonn Greene
87.3%
New Orleans SaintsMark Ingram
85.8%
New Orleans SaintsMark Ingram
85.8%
Denver BroncosC.J. Anderson
85.4%
San Diego ChargersRyan Mathews
85.4%
San Diego ChargersRyan Mathews
85.4%
San Diego ChargersRyan Mathews
85.4%
Buffalo BillsC.J. Spiller
84%
Buffalo BillsC.J. Spiller
84%
New Orleans SaintsPierre Thomas
84%
Cleveland BrownsTrent Richardson
83.6%
Indianapolis ColtsTrent Richardson
83.6%
Denver BroncosKnowshon Moreno
83.2%
Denver BroncosKnowshon Moreno
83.2%
Baltimore RavensJustin Forsett
82.8%
Seattle SeahawksJustin Forsett
82.8%
Indianapolis ColtsDonald Brown
82.1%
Indianapolis ColtsDonald Brown
82.1%
Indianapolis ColtsDonald Brown
82.1%
Team Player % Correct
Pittsburgh SteelersRashard Mendenhall
81.7%
Pittsburgh SteelersRashard Mendenhall
81.7%
Miami DolphinsRonnie Brown
81.7%
New York GiantsAndre Brown
81.7%
Arizona CardinalsRashard Mendenhall
81.7%
Cincinnati BengalsBenjarvus Green-Ellis
81%
Cincinnati BengalsBenjarvus Green-Ellis
81%
New England PatriotsBenjarvus Green-Ellis
81%
New England PatriotsBenjarvus Green-Ellis
81%
Miami DolphinsLamar Miller
77.6%
Miami DolphinsLamar Miller
77.6%
New York JetsChris Ivory
77.6%
New York JetsChris Ivory
77.6%
New Orleans SaintsChris Ivory
77.6%
Tampa Bay BuccaneersLeGarrette Blount
77.2%
Tampa Bay BuccaneersLeGarrette Blount
77.2%
New York JetsLaDainian Tomlinson
75.4%
New England PatriotsSteven Ridley
74.3%
New England PatriotsSteven Ridley
74.3%
Carolina PanthersCam Newton
72%
Cleveland BrownsPeyton Hillis
71.6%
Cleveland BrownsPeyton Hillis
71.6%
Minnesota VikingsMatt Asiata
70.9%
Houston TexansBen Tate
69.8%
Arizona CardinalsAndre Ellington
67.9%
Cincinnati BengalsCedric Benson
65.3%
Cincinnati BengalsCedric Benson
65.3%
New Orleans SaintsDarren Sproles
64.6%
Green Bay PackersJames Starks
63.4%
Jacksonville JaguarsDenard Robinson
63.1%
St. Louis RamsZac Stacy
62.3%
Arizona CardinalsBeanie Wells
60.8%
St. Louis RamsTre Mason
60.4%
New England PatriotsJonas Gray
60.1%
Cleveland BrownsWillis McGahee
59.3%
Denver BroncosWillis McGahee
59.3%
Denver BroncosWillis McGahee
59.3%
Cleveland BrownsTerrance West
55.6%
Oakland RaidersRashas Jennings
53.7%
Tennessee TitansBishop Sankey
49.6%
San Diego ChargersBranden Oliver
47.8%
Detroit LionsJahvid Best
42.5%
Detroit LionsJahvid Best
42.5%
Washington RedskinsRoy Helu
41%
Arizona CardinalsTim Hightower
40.7%
San Diego ChargersMike Tolbert
36.9%
Pittsburgh SteelersJonathan Dwyer
32.1%
Detroit LionsMikel Leshoure
27.2%
Indianapolis ColtsVick Ballard
22.4%
Washington RedskinsRyan Torain
19.4%
Arizona CardinalsLarod Stephens-Howling
17.5%
Kansas City ChiefsJackie Battle
16.4%

You're not logged in!

Compare scores with friends on all Sporcle quizzes.
OR
Log In

Sporcle TV

Today on Sporcle TV


Watch our educational content, quiz creation guides, and fun videos on Sporcle TV.

Show Comments

Extras

Top Quizzes Today


Score Distribution

Your Account Isn't Verified!

In order to create a playlist on Sporcle, you need to verify the email address you used during registration. Go to your Sporcle Settings to finish the process.

Report this User

Report this user for behavior that violates our Community Guidelines.

Details: